Cygnus Stars Sequential Quiz - Statistics

General Stats
  • This quiz has been taken 4 times
  • The average score is 2 of 15
Answers on the Map
Answers color-coded by a green-red scale on the quiz's map according to % correct below.
 
Answer Stats
Answer % Correct
Deneb
100%
Albireo
50%
Aljanah
0%
Eta
0%
Fawaris
0%
Iota-2
0%
Kappa
0%
Nu
0%
Omicron-1
0%
Omicron-2
0%
Rho
0%
Sadr
0%
Tau
0%
Xi
0%
Zeta
0%
No matching quizzes found
Score Distribution
Percent of People with Each Score
Percentile by Number Answered
Your Score History
You have not taken this quiz